مكتبة جامعة عجلون الوطنية

فهرس بحث المكتبة

Normal view MARC view
  • الاقتصاد المعرفي-الذكاء الاقتصادي- تكنولوجيا النانو- التنمية الاقتصادية

Entry Topical Term

Number of records used in: 1

001 - CONTROL NUMBER

  • control field: 61541

003 - CONTROL NUMBER IDENTIFIER

  • control field: JO-AjAnu

005 - DATE AND TIME OF LATEST TRANSACTION

  • control field: 20230606084045.0

008 - FIXED-LENGTH DATA ELEMENTS

  • fixed length control field: 230606|| aca||aabn | a|a d

040 ## - CATALOGING SOURCE

  • Original cataloging agency: JO-AjAnu
  • Transcribing agency: JO-AjAnu

150 ## - HEADING--TOPICAL TERM

  • Topical term or geographic name entry element: الاقتصاد المعرفي-الذكاء الاقتصادي- تكنولوجيا النانو- التنمية الاقتصادية

670 ## - SOURCE DATA FOUND

  • Source citation: Work cat.: (JO-AjAnu)31390: الشمري، مايح شبيب، م. مشارك عدنان داود العذاري، م.مشارك حسن كريم حمزة, author 61540, اقتصاد المعرفة والاسس النظرية للذكاء الاقتصادي والنانوتكنولوجي